=LDR 00000nam 2200000 4500 =001 INLIS000000000010882 =005 20260423125110 =035 ##$$a 0010-061300000010882 =008 260423################g##########0#ind## =041 ##$$a Ind =082 ##$$a 344.046 =090 ##$$a 344.046, Hus b =100 #$$a Harun M. Husain =245 1#$$a Berbagai aspek hukum analisis mengenai dampak lingkungan /$c Harun M. Husain =260 ##$$a Jakarta :$b Bumi Aksara,$c 1992 =300 ##$$a xv, 327 hlm. ; $c 21 x 14 cm =650 #4$$a Hukum - Lingkungan =850 ##$$a NBPNMAT =020 ##$$a 979-526-120-0 =084 ##$$a 344.046 HAR b =250 ##$$a cet.1 =990 ##$$a 10.586/Pro.97 =990 ##$$a 64.646/Pb-94 =990 ##$$a 64.645/Pb-94 =990 ##$$a 0001/BPAP-NTB/2016 =990 ##$$a 64.645/Pb-94 =990 ##$$a 10.586/Pro.97 =990 ##$$a 64.646/Pb-94 =990 ##$$a 0001/BPAP-NTB/2016 =990 ##$$a 64.646/Pb-94 =990 ##$$a 10.586/Pro.97 =990 ##$$a 64.645/Pb-94 =990 ##$$a 0001/BPAP-NTB/2016 =990 ##$$a 0001/BPAP-NTB/2016 =990 ##$$a 10.586/Pro.97 =990 ##$$a 64.646/Pb-94 =990 ##$$a 64.645/Pb-94 =990 ##$$a 10.586/Pro.97 =990 ##$$a 64.646/Pb-94 =990 ##$$a 64.645/Pb-94 =990 ##$$a 0001/BPAP-NTB/2016 =990 ##$$a 10.586/Pro.97 =990 ##$$a 64.646/Pb-94 =990 ##$$a 64.645/Pb-94 =990 ##$$a 0001/BPAP-NTB/2016